Statystyki dla Stolice Oceanii

Kliknij tutaj aby rozwiązać quiz!

Ogólne statystyki

  • Ten quiz został rozwiązany 49 razy
  • Średni wynik to 9 z 14

Statystyki odpowiedzi

PaństwoStolica% Poprawnych
AustraliaCanberra
100%
Nowa ZelandiaWellington
88%
FidżiSuva
79%
Papua-Nowa-GwineaPort Moresby
71%
VanuatuPort Vila
67%
SamoaApia
63%
Wyspy SalomonaHoniara
63%
Wyspy MarshallaMajuro
58%
MikronezjaPalikir
58%
NauruYaren
58%
PalauNgerulmud
54%
TongaNuku'alofa
54%
KiribatiTarawa
54%
TuvaluFunafuti
50%

Rozkład punktacji

Percentyl według liczby udzielonych odpowiedzi

Procent ludzi z każdym wynikiem

Twoja historia wyników

Nie rozwiązałeś tego quizu